000 00694nam a22002177a 4500
003 UA-OsUOA
001 35392
007 ta
008 20051125b un ||||| |||| 00| 0 ukr d
090 _a659.4:329
_bЛ63
942 _cBK
040 _aUA-OsUOA
_bukr
_cUA-OsUOA
_dUA-OsUOA
245 _aСучасний виборчий PR
_bНавчальний посібник
300 _a384 с.
955 _a2
041 _aukr
080 _a659.4:329
020 _a966-8556-55-0
260 _aК.
_bПрофесіонал
_c2004
650 7 _a659 Реклама. Система інформації. Громадська інформація та реклама (Паблик-Рилейшнз)
_2UDC
999 _c321754
_d321754